| 000 | 00798nam a22002657a 4500 | ||
|---|---|---|---|
| 001 | 7215 | ||
| 003 | FISKH | ||
| 005 | 20250703082654.0 | ||
| 008 | 250702b cb ||||| |||| 00| 0 eng d | ||
| 020 | _a9781615905096 | ||
| 040 |
_aFISKH _beng _cFISKH _dFISKH |
||
| 050 | _aSF505 .S74 | ||
| 082 | _a636.5 | ||
| 100 | _aSteinkraus, Kyla | ||
| 245 |
_aDucks on the farm / _cKyla Steinkraus |
||
| 260 |
_aFlorida : _bRourke Publishing, _c2011. |
||
| 300 |
_a24 pages : _bcolor illustrations ; _c21 cm |
||
| 505 | _aN | ||
| 520 | _aCurious Kids Will Learn About Ducks, How Farmers Care For Them, And What Benefits We Get From These Little Farm Animals. | ||
| 521 | 8 |
_a570
_bLexile |
|
| 521 | 8 |
_aN
_bRaz-Plus |
|
| 650 |
_aChickens _vDucks |
||
| 942 |
_2ddc _cBK _n0 |
||
| 999 |
_c7215 _d7215 |
||